<?xml version="1.0" encoding="UTF-8"?>
<record
    xmlns:xsi="http://www.w3.org/2001/XMLSchema-instance"
    xsi:schemaLocation="http://www.loc.gov/MARC21/slim http://www.loc.gov/standards/marcxml/schema/MARC21slim.xsd"
    xmlns="http://www.loc.gov/MARC21/slim">

  <leader>01389nam a22002297a 4500</leader>
  <datafield tag="952" ind1=" " ind2=" ">
    <subfield code="0">0</subfield>
    <subfield code="1">0</subfield>
    <subfield code="4">0</subfield>
    <subfield code="7">0</subfield>
    <subfield code="a">01</subfield>
    <subfield code="b">01</subfield>
    <subfield code="d">2018-09-21</subfield>
    <subfield code="l">0</subfield>
    <subfield code="o">302.2 S68c</subfield>
    <subfield code="p">01 014312</subfield>
    <subfield code="r">2018-09-21</subfield>
    <subfield code="t">1</subfield>
    <subfield code="w">2018-09-21</subfield>
    <subfield code="y">LB</subfield>
  </datafield>
  <datafield tag="999" ind1=" " ind2=" ">
    <subfield code="c">103362</subfield>
    <subfield code="d">103362</subfield>
  </datafield>
  <controlfield tag="005">20231102152054.0</controlfield>
  <controlfield tag="008">180906s2012sp     |||||r|||| 00| 0 spa d</controlfield>
  <datafield tag="020" ind1=" " ind2=" ">
    <subfield code="a">9788449307560</subfield>
  </datafield>
  <datafield tag="082" ind1=" " ind2="4">
    <subfield code="a">302.2</subfield>
    <subfield code="b">S68c</subfield>
  </datafield>
  <datafield tag="100" ind1="1" ind2=" ">
    <subfield code="a">Serrano, Sebasti&#xE0;</subfield>
    <subfield code="e">autor</subfield>
  </datafield>
  <datafield tag="240" ind1=" " ind2=" ">
    <subfield code="a">Comprendre la comunicaci&#xF3; </subfield>
    <subfield code="l">espa&#xF1;ol</subfield>
  </datafield>
  <datafield tag="245" ind1="1" ind2="0">
    <subfield code="a">Comprender la comunicaci&#xF3;n</subfield>
    <subfield code="b"> : el libro del sexo, la poes&#xED;a y la empresa</subfield>
    <subfield code="c"> / Sebasti&#xE0; Serrano ; traducci&#xF3;n de Javier Palacio Tauste</subfield>
  </datafield>
  <datafield tag="260" ind1="3" ind2=" ">
    <subfield code="a">Barcelona</subfield>
    <subfield code="b"> : Paid&#xF3;s</subfield>
    <subfield code="c"> , 2012 </subfield>
  </datafield>
  <datafield tag="300" ind1=" " ind2=" ">
    <subfield code="a">404 p&#xE1;ginas</subfield>
  </datafield>
  <datafield tag="490" ind1=" " ind2=" ">
    <subfield code="a">Paid&#xF3;s Contextos</subfield>
  </datafield>
  <datafield tag="504" ind1=" " ind2=" ">
    <subfield code="a">Bibliograf&#xED;a (pp. 401-404)</subfield>
  </datafield>
  <datafield tag="505" ind1=" " ind2=" ">
    <subfield code="a">La eclosi&#xF3;n de la informaci&#xF3;n 	
La aparici&#xF3;n del sexo y sus consecuencias
Los refinamientos sentimentales 	
El camino del lenguaje: la eclosi&#xF3;n 	
La gran bifurcaci&#xF3;n 	
Las primeras tecnolog&#xED;as 	
El camino hacia las relaciones estables 	
La fuerza del ritual o el poder de la desautomatizaci&#xF3;n 	
Con la aparici&#xF3;n de la voz la cultura levanta el vuelo 	
La larga marcha hacia la oralidad 	
Las tecnolog&#xED;as de la palabra: de la poes&#xED;a a la escritura 	
Las nuevas tecnolog&#xED;as asoman la cabeza 	
El fascinante vuelo de la mariposa </subfield>
  </datafield>
  <datafield tag="519" ind1=" " ind2=" ">
    <subfield code="a">Plan Flexible / </subfield>
    <subfield code="b">Periodismo y Medios Digitales / </subfield>
    <subfield code="c">Comunicaci&#xF3;n, Signos y Significaci&#xF3;n (B02-3) / </subfield>
    <subfield code="d">(01 014312)</subfield>
  </datafield>
  <datafield tag="650" ind1="1" ind2="4">
    <subfield code="a">COMUNICACI&#xD3;N</subfield>
  </datafield>
  <datafield tag="700" ind1="1" ind2=" ">
    <subfield code="a">Palacio Tauste, Javier</subfield>
    <subfield code="e">traductor</subfield>
  </datafield>
  <datafield tag="942" ind1=" " ind2=" ">
    <subfield code="c">LB</subfield>
    <subfield code="2">lcc</subfield>
  </datafield>
</record>
